Ecos : música de cámara mexicana /

La intención de este disco es dar muestra de las tendencias y riqueza de la música de cámara mexicana de la segunda mitad del siglo XX.

Wedi'i Gadw mewn:
Manylion Llyfryddiaeth
Prif Awdur: Soto Millán, Eduardo (coord.)
Awdur Corfforaethol: Waller, Ariel (prod. y presen.)
Awduron Eraill: Flores Méndez, Guillermo (música) (música), Tapia, Gloria (música) (música), Waller, Ariel (música) (música), Mendía, Guillermo de (música) (música), Carrillo, Gonzalo (música) (música), Vizcaíno, Rafael (música) (música), Navarro, Antonio (música) (música), Contreras, Salvador (música) (música), Dájer, Jorge (música) (música), Cataño, Fernando (música) (música), Tello, Aurelio (música) (música), Rico, Horacio (música) (música), Tapia, Verónica (música) (música), Tello, Aurelio (texto del folleto) (texto del folleto)
Fformat: Sain
Cyhoeddwyd: México : Quindecim Recordings : Sociedad de Autores y Compositores de Música, Centro de Apoyo para Música de Concierto, 2002, c2002
Pynciau:
Tagiau: Ychwanegu Tag
Dim Tagiau, Byddwch y cyntaf i dagio'r cofnod hwn!

MARC

LEADER 00000njm^a2200000^a^4500
001 000186564
005 20251020000000.0
009 20260310102229.939
037 |a Acervo ITESO - Biblioteca 
041 |a SON 
082 |a 784. 20972  |b SOT 
100 |a Soto Millán, Eduardo  |e (coord.) 
240 1 1 |a [Tres preludios de ausencia] 
240 1 1 |a [Naucalpan, canto a la tierra] 
240 1 1 |a [Andante, de Ariel Waller] 
240 1 1 |a [En los huesos de la higuera] 
240 1 1 |a [Música para siete] 
240 1 1 |a [Cuarteto Nº 1, de Rafael Vizcaíno] 
240 1 1 |a [Ecos del verano] 
240 1 1 |a [Pieza para cuarteto de cuerdas, de Salvador Contreras] 
240 1 1 |a [Dodecáfonus, huapanguino en scherzo] 
240 1 1 |a [Miura 6] 
240 1 1 |a [Algunos poemas de Brindisi] 
240 1 1 |a [Ocho aforismos sobre el amor] 
240 1 1 |a [Ramas y cayados] 
240 1 1 |a [No tocar, solo a dúo] 
245 1 0 |a Ecos :  |b música de cámara mexicana /  |c Coord. de E. Soto Millán ; prod. artística y presen. de A. Waller ; texto del folleto de A. Tello ; tr. por Matthew P. Schubring. 
264 4 |a México :  |b Quindecim Recordings :  |b Sociedad de Autores y Compositores de Música, Centro de Apoyo para Música de Concierto,  |c 2002, c2002 
300 |a 2 discos compactos sonoros (72, 65 min.) +  |e 1 libro (60 p.) 
336 |a música interpretada  |b prm  |2 rdacontenido 
337 |a audio  |b s  |2 rdamedio 
338 |a disco sonoro  |b sd  |2 rdasoporte 
520 |a La intención de este disco es dar muestra de las tendencias y riqueza de la música de cámara mexicana de la segunda mitad del siglo XX. 
546 |a Edición bilingüe español-inglés (folleto) 
649 |a XX 
650 |a Músicos Mexicanos 
650 |a Artistas Mexicanos 
650 |a Música de Cámara -  |z México 
650 |a Música de Concierto -  |z México 
650 |a Música Mexicana -  |y Siglo XX 
650 |a Flores Méndez, Guillermo 
650 |a Tapia, Gloria 
650 |a Waller, Ariel 
650 |a Mendía, Guillermo de 
650 |a Carrillo, Gonzalo 
650 |a Vizcaíno, Rafael 
650 |a Navarro, Antonio 
650 |a Contreras, Salvador 
650 |a Dájer, Jorge 
650 |a Cataño, Fernando 
650 |a Tello, Aurelio 
650 |a Rico, Horacio 
650 |a Tapia, Verónica 
650 |a Soto Millán, Eduardo 
710 |a Waller, Ariel  |e (prod. y presen.) 
700 |a Flores Méndez, Guillermo  |e (música) 
700 |a Tapia, Gloria  |e (música) 
700 |a Waller, Ariel  |e (música) 
700 |a Mendía, Guillermo de  |e (música) 
700 |a Carrillo, Gonzalo  |e (música) 
700 |a Vizcaíno, Rafael  |e (música) 
700 |a Navarro, Antonio  |e (música) 
700 |a Contreras, Salvador  |e (música) 
700 |a Dájer, Jorge  |e (música) 
700 |a Cataño, Fernando  |e (música) 
700 |a Tello, Aurelio  |e (música) 
700 |a Rico, Horacio  |e (música) 
700 |a Tapia, Verónica  |e (música) 
700 |a Tello, Aurelio  |e (texto del folleto) 
910 |a Fondo General 
920 |a Sonoros - CDs 
940 |a CDs de Música 
905 |a 401 
901 |a 0500128293  |b IT2  |c CDM  |u 20250521 
901 |a 0500128296  |b IT2  |c CDM  |u 20250521 
901 |a 0500128299  |b IT2  |c MIM  |u 20251020 
902 |a https://opac.biblio.iteso.mx/vufind/Record/000186564